000 00381nam a22001577a 4500
003 CEME
005 20210628205120.0
008 210226b xxu||||| |||| 00| 0 eng d
040 _c.
082 _a539.7 ATO'B
100 _aBates, D. R
_973993
245 _aAutomatic and molecular processes
260 _aNEWYORK
_bACDEMIC PRESS
_c1962
300 _aXV, 904P
942 _cBK
_2ddc
999 _c579584
_d579584